High-water mark /

Bibliographic Details
Main Author: Dixon, Nicole, 1974-
Format: Book
Language:English
Published: Erin, Ont. : Porcupine's Quill, [2012]

MARC

Tag First Indicator Second Indicator Subfields
LEADER 00000cam a2200000 a 4500
001 in00002782834
005 20150922150325.0
008 120821s2012 onc 000 j eng
020 |a 9780889843561 
020 |a 0889843562 
035 |a (OCoLC)ocn793221346 
040 |a NLC  |b eng  |c NLC  |d CDX  |d C#P  |d UtOrBLW 
049 |a TXAM 
055 0 |a PS8607 I96  |b H44 2012 
082 0 |a C813/.6  |2 23 
090 |a PR9199.4.D59  |b H54 2012 
100 1 |a Dixon, Nicole,  |d 1974- 
245 1 0 |a High-water mark /  |c Nicole Dixon. 
264 1 |a Erin, Ont. :  |b Porcupine's Quill,  |c [2012] 
264 4 |c ©2012 
300 |a 151 pages ;  |c 23 cm. 
336 |a text  |b txt  |2 rdacontent 
337 |a unmediated  |b n  |2 rdamedia 
338 |a volume  |b nc  |2 rdacarrier 
945 |a PromptCat  |b 108313 
946 |a stk 
947 |a A14835931356 
948 |a cataloged  |b h  |c 2012/12/5  |d c  |e dmitchel  |f 9:50:30 am 
994 |a 92  |b TXA 
999 |a MARS 
999 f f |s 335971b2-c694-3347-8999-390d0c108c93  |i 816246ec-6b38-344e-9ce6-a935af8101b9  |t 0 
952 f f |p normal  |a Texas A&M University  |b College Station  |c Sterling C. Evans Library  |d Evans: Library Stacks  |t 0  |e PR9199.4.D59 H54 2012  |h Library of Congress classification  |i unmediated -- volume  |m A14835931356 
998 f f |a PR9199.4.D59 H54 2012  |t 0  |l Evans: Library Stacks